| 000 | 00564nam a22002057a 4500 | ||
|---|---|---|---|
| 999 |
_c7230 _d7230 |
||
| 003 | OSt | ||
| 005 | 20210910154724.0 | ||
| 008 | 210910b ||||| |||| 00| 0 eng d | ||
| 020 | _a9780511042867 | ||
| 040 | _cDDC | ||
| 082 | _a005.45 APP 2004 | ||
| 100 |
_aAndrew W. A _914863 |
||
| 245 | _aModern Compiler Implementation in Java. | ||
| 250 | _a2nd. ed. | ||
| 260 |
_aNew York: _bCambridge University Press; _c2004, |
||
| 300 |
_ax,501p.; _c26cm. |
||
| 504 | _aIncludes Index. | ||
| 650 |
_aModern Compiler Implementation in Java. _914864 |
||
| 942 |
_2ddc _cBOOK |
||